00952 2200169 4500245004300000020002200043250001100065700001800076650002200094005001900116260003700135041001400172084001000186300002700196500055000223336000900773 aBicara PendidikancMujib HermanihText a978-602-18175-4-4 aCet. 1 aMujib Hermani aBiografi Soekarno a20230926145354 aJakartabArti Bumi Intaranc2012 aIndonesia a923.2 avi, 133 hlm. :c25 cm. aBuku ini dihadirkan untuk kepentingan sejarah bagi perjuangan bangsa dan Negara Republik Indonesia tercinta, terutama ditunjukan kepada kaum muda sebagai generasi penerus yang bertanggung jawab agar tercapainya cita-cita luhur rakyat Indonesia seperti yang digariskan dalam Trisakti Soekarno: Berdaulau di bidang politik, berdikari di bidang ekonomi, berkepribadian di bidang kebudayaan. Buku ini membahas tentang Masa Kecil Putra Sang Fajar; Patah Hati, Soekarno Menemukan Tuhan; Bergerak Tangkap Menggugat, Penjara, Buang; dan lain sebagainya. atext